[Event "RUS-chT Blitz Men 2018"]
[Site "Sochi"]
[Date "2018.10.10"]
[Round "8"]
[White "Murzin, Volodar"]
[Black "Nuristani, Iman"]
[Result "0-1"]
[WhiteElo "2340"]
[BlackElo "2242"]
[Annotator "TA"]
[PlyCount "99"]
[EventDate "2018.10.10"]
[EventType "swiss"]
[EventCountry "RUS"]
[SourceTitle "playchess.com"]
[Source "ChessBase"]
[SourceQuality "1"]

{[%evp 9,99,38,39,35,37,17,40,29,30,18,40,38,45,43,47,22,94,40,39,40,38,35,51,47,45,45,48,49,77,13,75,-25,-27,-31,-25,-22,31,30,43,43,46,0,30,25,43,45,37,11,117,60,413,402,416,345,645,655,612,208,201,-29979,29991,-906,-320,-314,-312,-308,-299,-747,-568,-518,-309,-506,-523,-477,-451,-565,-418,-527,-273,-543,-275,-421,-425,-402,-290,-607,0,-12841,-12842,-12841,-12842,-12842]} 1. e4 e6 2. d3 {[%cal Bd2d3,Bd3e4,Be4e5][%mdl 32]} d5 3. Nd2 Nf6 4. Ngf3 dxe4 5. dxe4 b6 (5... Bc5 6. Bd3 e5 7. Nc4 Nc6 8. c3 a5 9. Bg5 O-O 10. Qe2 h6 11. Bh4 Re8 12. Rd1 g5 13. Bc2 Qe7 14. Bg3 {½-½ (38) Sevian,S (2579)-Matsenko,S (2522) Forth Worth 2017}) 6. c3 {C00: French: Unusual White 2nd moves} Bb7 7. Qc2 Be7 8. Be2 {White is slightly better.} Nbd7 9. O-O O-O 10. e5 Nd5 $146 ({Predecessor:} 10... Nh5 11. Ne4 g6 12. Bh6 Ng7 13. Rad1 Qc8 14. h4 {1-0 (57) Sammalvuo,N (2205)-Sanli,E Elista 1998}) 11. Ne4 h6 12. a3 {Strongly threatening c4.} Nc5 (12... f5 $11 13. exf6 N5xf6 14. Nxf6+ Rxf6) 13. Nxc5 (13. Ng3 $1 $16) 13... bxc5 $14 14. c4 Nb6 15. Be3 Qd7 16. Rfd1 Qc6 17. Ne1 {Black must now prevent Bf3.} Qe4 18. Qc3 {aiming for Bf3.} Qg6 19. f4 (19. b4 $16 cxb4 20. axb4) 19... a5 (19... f6 $11 {remains equal.}) 20. Bf3 (20. a4 $16) 20... Bxf3 $11 21. Nxf3 {[%cal Be1f3,Bf3d2,Bd2e4][%mdl 32]} Qe4 22. Nd2 Qc6 (22... Qf5 $11) 23. Qc2 $14 a4 24. Ne4 Rad8 25. Kf2 Rb8 26. Rd2 Rb7 27. Rad1 $36 {[%mdl 2048] White has the initiative.} Rfb8 28. Kf1 {With the idea Bxc5.} Bf8 (28... Nd7 $11 {keeps the balance.}) 29. Bxc5 (29. Rd8 $16) 29... Bxc5 $4 {[%mdl 8192]} (29... Nd7 $14 30. Bb4 Nb6) 30. Nxc5 $18 g6 31. Nxb7 Rxb7 $2 (31... Qxb7 32. Kg1 Qc6) 32. Rd8+ Kg7 {[#]} 33. Qd3 $2 (33. f5 $1 {White threatens f6+ and mate.} Qc5 (33... exf5 34. e6) 34. Qe4 Nxc4 35. f6+ Kh7 36. R8d7) 33... Nxc4 34. Rc8 $4 {[%mdl 8192]} ({Weaker is} 34. Rb1 Rb3 $15) (34. f5 $18 Qc5 35. f6+ Kh7 36. Qd4 Qxd4 37. R1xd4 Nxe5 38. Rxa4) 34... Qa6 $4 {[%mdl 8192]} (34... Rxb2 {and all is fine.} 35. Qe2 Ne3+ 36. Ke1 Rxe2+ 37. Kxe2 Nxd1 38. Ke1 Qc1 39. g4 Nc3+ 40. Kf2 Qxf4+ 41. Kg2 Nd5 42. Kg1 Ne3 43. Rg8+ Kxg8 44. h4 Qg3+ 45. Kh1 Qg2#) 35. Qe2 $4 {[%mdl 8192]} (35. Qd8 Nxe5+ 36. Kg1 Qb6+ 37. Kh1 g5 38. Qh8+ Kg6 39. Rg8+ Kf5 40. Qxe5+ Kg4 {[#]} 41. Rxg5+ $1 {[%mdl 512]} Kh4 42. Qe1+ Qf2 43. Qxf2#) 35... Ne3+ $2 (35... Rxb2 {( -> ...Ne3+)} 36. Rdd8 Ne3+ 37. Kg1 Qxc8 38. Rxc8 Rxe2) 36. Ke1 $19 Qxe2+ 37. Kxe2 Nxd1 38. Ke1 $2 (38. Kxd1 Rxb2 39. Rxc7) 38... Rxb2 39. Kxd1 {[%mdl 4096] Endgame KR-KR} Ra2 40. g3 $2 (40. Rxc7 Rxg2 41. Rc2) 40... Rxa3 41. Rxc7 Ra2 42. Ra7 h5 43. Ke1 a3 {[%cal Ba4a3,Ba3a2][%mdl 32]} 44. Kf1 $2 (44. h4) 44... Kf8 45. Kg1 (45. h4 {was the only chance.}) 45... Ke8 46. h4 Kd8 47. Kh1 $2 (47. Kf1) 47... Rc2 $2 (47... Kc8 $19 {Threatens to win with ...Ra1+.} 48. Kg1 Kb8) 48. Rxf7 $2 {[%mdl 8192]} (48. Rxa3 $11 Ke7 49. Ra7+ Kf8 50. Rb7) 48... a2 {[%cal Ra2a1]} 49. Ra7 Rc1+ 50. Kg2 {Precision: White = 32%, Black = 31%.} 0-1

[Event "RUS-chT Blitz Men 2018"]
[Site "Sochi"]
[Date "2018.10.10"]
[Round "8"]
[White "Papenin, Nikolai"]
[Black "Timofeev, Artyom"]
[Result "1/2-1/2"]
[WhiteElo "2334"]
[BlackElo "2580"]
[Annotator "TA"]
[PlyCount "64"]
[EventDate "2018.10.10"]
[EventType "swiss"]
[EventCountry "RUS"]
[SourceTitle "playchess.com"]
[Source "ChessBase"]
[SourceQuality "1"]

{[%evp 16,64,49,20,29,5,9,-13,16,-4,6,0,2,-56,21,-33,-10,-12,-14,-28,-25,-40,-28,-34,-9,-26,-25,-31,-29,-16,0,0,0,0,0,0,0,0,0,0,0,0,0,0,0,0,0,0,0,0,0]} 1. d4 d5 2. Nf3 Nf6 3. g3 g6 4. Bg2 Bg7 5. O-O O-O 6. c4 dxc4 7. Nbd2 {[%cal Bb1d2,Bd2c4,Bc4e5][%mdl 32]} c6 8. Nxc4 Be6 9. Nce5 Bd5 {D78: Fianchetto Grünfeld: 6 0-0 c6} 10. Bg5 $146 ({Predecessor:} 10. b3 Nbd7 11. Nd3 c5 12. Bb2 cxd4 13. Bxd4 a6 14. Bb2 Re8 15. Re1 Rc8 16. Bh3 e6 17. Nd2 Ne4 18. Bxg7 Kxg7 19. Nxe4 Bxe4 {0-1 (102) Duijn,R (2177)-Senders,M (2312) Netherlands 2017}) 10... h6 11. Bf4 Na6 {[%cal Bb8a6,Ba6c7,Bc7e6][%mdl 32]} 12. a3 Nc7 13. Nd3 Ne6 14. Be5 (14. e3 $11) 14... a5 ({Black should try} 14... Bxf3 $1 $15 15. exf3 Qb6) 15. b4 (15. e3 $11) 15... axb4 16. axb4 Qb6 17. Rb1 Qb5 18. Nc5 Ne4 {[#] aiming for ...Nc3.} 19. Qc1 Ra2 20. Bxg7 Kxg7 21. Re1 $1 Rfa8 22. Qe3 R8a3 {The position is equal.} 23. Nxe6+ fxe6 24. Qf4 {[#] Black must now prevent Qc7.} Rxe2 25. Qe5+ ({Much worse is} 25. Rxe2 Qxe2 26. Ne5 Nd6 $17) 25... Kh7 26. Qc7 Rxe1+ $1 27. Nxe1 Qe2 28. Qxe7+ Kg8 29. Qe8+ Kg7 30. Qe7+ Kg8 31. Qe8+ Kg7 32. Qe7+ Kg8 {Precision: White = 56%, Black = 56%.} 1/2-1/2

[Event "RUS-chT Blitz Men 2018"]
[Site "Sochi"]
[Date "2018.10.10"]
[Round "8"]
[White "Ivlev, Aleksey"]
[Black "Tsvetkov, Andrey"]
[Result "0-1"]
[WhiteElo "2326"]
[BlackElo "2264"]
[Annotator "TA"]
[PlyCount "106"]
[EventDate "2018.10.10"]
[EventType "swiss"]
[EventCountry "RUS"]
[SourceTitle "playchess.com"]
[Source "ChessBase"]
[SourceQuality "1"]

{[%evp 10,105,18,5,-9,-23,-16,-9,-17,-35,-31,-10,0,0,0,0,0,-3,29,46,125,123,99,115,117,112,127,35,95,74,102,43,131,127,202,122,114,128,198,146,141,95,108,107,153,125,144,114,169,152,226,237,283,294,310,300,379,362,370,364,372,355,1268,1205,1164,870,866,0,1016,673,1318,670,624,562,704,681,654,559,29963,570,543,546,511,467,459,448,912,362,467,372,538,456,494,481,488,14,20,-29999]} 1. d4 d5 2. c4 e6 3. Nf3 Nf6 4. g3 dxc4 5. Bg2 Bb4+ 6. Nbd2 b5 {E04: Open Catalan: 5 Nf3} 7. O-O O-O 8. a4 c6 {The position is equal.} 9. Qc2 (9. Ne1 Nd5 10. e4 Nb6 11. a5 N6d7 12. e5 Bb7 13. Ne4 Na6 14. Bg5 {½-½ (44) Wang,H (2709)-Ding,L (2777) Huaian 2017}) 9... Bb7 10. b3 c3 11. Nb1 $1 c5 {[#] White must now prevent ...Be4.} 12. Nxc3 cxd4 $146 ({Predecessor:} 12... bxa4 13. dxc5 axb3 14. Qxb3 a5 15. Bf4 {0-1 (61) Landa,K (2645)-Movsesian,S (2659) Czechia 2015}) 13. Nxb5 Be4 14. Qc4 Nc6 (14... a6 $14) 15. Nbxd4 $16 Nxd4 16. Nxd4 {Strongly threatening Bxe4.} Bxg2 17. Kxg2 Qb6 {Threatens to win with ...Rac8.} 18. Nb5 (18. Bb2 $16) 18... a5 (18... Bc5 $14) 19. Bb2 Rac8 20. Qh4 (20. Qf4 $16) 20... Nd5 (20... Qb7+ $14 21. f3 Be7) 21. Rac1 f6 (21... f5 $16) 22. e4 Ne7 23. Qg4 {Hoping for Rxc8.} Ng6 (23... e5 $16 24. Na3 Bc5) 24. h4 ({Better is} 24. Bd4 $18 Qb7 25. Qxe6+ Kh8 26. Rxc8 Qxc8 27. Qxc8 Rxc8 28. Rd1) 24... Ne5 25. Bxe5 fxe5 26. Qe2 Bc5 27. Rcd1 Rf7 28. f3 Rcf8 (28... Bb4 $16 {keeps fighting.} 29. Rc1 Rxc1 30. Rxc1 Rf8) 29. Rd3 Bd4 (29... h6 $16 {might work better.} 30. Qb2 Qb8) 30. Rc1 $18 {[%cal Bf1c1,Bc1c4,Bc4c6][%mdl 32]} Rd8 31. Rc4 Rfd7 32. Qc2 h6 33. Rc6 Qb7 34. Qc4 Kh7 35. Qxe6 ({Weaker is} 35. Nxd4 Rxd4 36. Rxd4 exd4 $18) 35... Bb2 $2 (35... Kh8 36. Nxd4 exd4) 36. Rxd7 Rxd7 37. Qf5+ Kg8 38. Qe6+ Kh7 $1 39. Rd6 Rf7 40. h5 {Rd8 would kill now.} Rf6 41. Qd5 Qe7 42. Rxf6 Qxf6 43. Qd7 Qb6 44. Qf5+ (44. Nd6 $142 Qc5 45. Qf5+ Kh8 46. Nf7+ Kg8 47. Qe6 Qf8 48. Nxh6+ Kh7 49. Qg6+ Kh8 50. Nf7+ Kg8 51. Ng5) 44... Kg8 45. Qc8+ Kh7 46. Qc2 Bd4 47. Qd3 Qc5 (47... Bg1 $142 48. Qd2 Bd4 49. Nxd4 exd4) 48. f4 $2 (48. Nxd4 exd4 49. e5+ Kh8 50. Qe4) 48... Ba1 49. f5 Bb2 (49... Bd4 {was called for.} 50. Qc4 Bg1 51. Qxc5 Bxc5) 50. Nd6 Bd4 51. Nc4 Qb4 52. g4 $2 (52. Qf3 $18) 52... Qe1 $11 53. Kf3 $2 {[%mdl 8192] [#]} (53. Qf3 $11 Kg8 54. Kh3) 53... Qf2# {Precision: White = 49%, Black = 29%.} 0-1

[Event "RUS-chT Blitz Men 2018"]
[Site "Sochi"]
[Date "2018.10.10"]
[Round "8"]
[White "Inozemtsev, Sergei"]
[Black "Kozionov, Kirill"]
[Result "1/2-1/2"]
[WhiteElo "2310"]
[BlackElo "2458"]
[Annotator "TA"]
[PlyCount "104"]
[EventDate "2018.10.10"]
[EventType "swiss"]
[EventCountry "RUS"]
[SourceTitle "playchess.com"]
[Source "ChessBase"]
[SourceQuality "1"]

{[%evp 21,104,-11,18,20,26,-4,0,0,0,0,0,0,1,0,44,-37,-35,-31,-24,-31,-24,-22,-21,-36,-14,-14,-14,-15,-16,-16,-6,-45,-16,-15,-6,-18,77,3,18,3,156,148,139,127,184,187,172,180,382,196,187,192,387,385,349,202,185,187,197,198,199,161,162,162,210,110,110,112,113,93,97,85,85,77,82,85,81,81,88,0,88,0,80,0,722]} 1. e4 c5 2. Nf3 d6 3. Bb5+ Nd7 4. d4 cxd4 5. Qxd4 a6 6. Bxd7+ Bxd7 7. Nc3 Rc8 {B51: Sicilian: Moscow Variation (3 Bb5+) without 3...Bd7} (7... e5 8. Qd3 h6 9. Nd2 Rc8 10. Nc4 Be6 11. Ne3 Nf6 12. Bd2 Be7 13. a4 O-O 14. O-O Qd7 15. a5 Rfd8 {½-½ (58) Duda,J (2737)-Nepomniachtchi,I (2757) Dortmund 2018}) 8. O-O e5 9. Qd3 h6 10. a4 Nf6 11. Rd1 Qc7 {LiveBook: 5 Games} 12. a5 Be7 13. Be3 O-O 14. Nd2 Be6 15. Bb6 Qc6 $146 16. Nf1 Nd7 17. Be3 Rfd8 18. Ng3 (18. f3 $14) 18... Nf6 $15 19. Bb6 Rd7 {next ...d5 is good for Black.} 20. Qe2 Bg4 21. f3 Be6 22. Kh1 d5 (22... Re8 {is interesting.} 23. Qe1 Bf8 24. Bf2 d5 25. exd5 Nxd5 26. Qxe5 Nxc3 27. Rxd7 Qxd7 28. bxc3 Bb3) 23. exd5 Nxd5 24. Nxd5 Rxd5 25. Rxd5 Qxd5 26. Rd1 Qc6 27. c3 Qa4 28. Re1 Bd8 (28... f6 $11) 29. Bxd8 (29. Qxe5 $16 {Hoping for Nh5.} Bf6 30. Qd6) 29... Rxd8 $11 30. Qxe5 {[#] And now Nh5 would win.} Qb5 $2 (30... Rd1 $11 31. Kg1 Rxe1+ 32. Qxe1 Qxa5) 31. Qxb5 $16 axb5 {[%mdl 4096] Endgame KRB-KRN} 32. Ne4 Bc4 (32... Ra8 $16) 33. h4 Kf8 34. b4 Rd5 $2 (34... Be6 35. Kh2 Bd5) 35. Kh2 (35. Nc5 $142) 35... Re5 $18 {[#] aiming for ...f5.} 36. Rd1 Bd5 $2 (36... Rd5 37. Ra1 Rd8) 37. Nc5 Bc6 38. Rd8+ (38. Nd7+ $142 Bxd7 39. Rxd7) 38... Ke7 39. Rb8 Kd6 40. Rf8 Re7 41. Rg8 g6 42. Kg3 Kc7 43. a6 (43. Kf2 $18) 43... bxa6 $16 44. Nxa6+ Kd6 45. Nc5 Re3 46. Rc8 Re2 47. Rf8 Bd5 48. Rd8+ Kc6 49. Rc8+ Kd6 50. Rd8+ Kc6 51. Rc8+ Kd6 $1 52. Rd8+ ({White should play} 52. Rh8 $16) 52... Ke5 $2 {[%mdl 40960] Precision: White = 42%, Black = 42%. . An unexpected result.} (52... Kc6 $11) 1/2-1/2

[Event "RUS-chT Blitz Men 2018"]
[Site "Sochi"]
[Date "2018.10.10"]
[Round "8"]
[White "Rozhko, Dmitry"]
[Black "Chigaev, Maksim"]
[Result "0-1"]
[WhiteElo "2305"]
[BlackElo "2599"]
[Annotator "TA"]
[PlyCount "70"]
[EventDate "2018.10.10"]
[EventType "swiss"]
[EventCountry "RUS"]
[SourceTitle "playchess.com"]
[Source "ChessBase"]
[SourceQuality "1"]

{[%evp 15,70,41,61,-73,-72,-64,-73,-214,-213,-248,-242,-259,-250,-287,-291,-285,-268,-330,-315,-316,-328,-693,-471,-477,-490,-468,-352,-590,-597,-600,-597,-545,-519,-504,-487,-466,-415,-525,-514,-553,-459,-454,-459,-447,-452,-445,-446,-435,-366,-370,-356,-394,-386,-765,-745,-1279,-1268]} 1. e4 g6 2. d4 Bg7 3. c3 d6 4. Nf3 Nf6 5. Bd3 O-O 6. h3 Nc6 7. O-O e5 8. Re1 Re8 {LiveBook: 153 Games} 9. b4 {B07: Pirc Defence: Miscellaneous Systems} (9. Bc2 $14 {keeps the upper hand.}) (9. Na3 b6 10. Nc2 Bb7 11. Bg5 h6 12. Bd2 Qe7 13. b4 Qf8 14. d5 Ne7 15. c4 Nd7 16. a4 f5 17. a5 {0-1 (39) Wei,Y (2734)-Dubov,D (2696) Liaocheng 2018}) 9... exd4 $17 10. cxd4 $146 ({Predecessor:} 10. b5 Ne5 11. cxd4 Nxd3 12. Qxd3 Rxe4 13. Rxe4 Bf5 14. Bg5 Bxe4 15. Qe3 Bxf3 16. Qxf3 h6 {½-½ (45) Metzger,C (2147)-Alawieh,A (2253) France 2004}) 10... Nxb4 11. Bf1 (11. Nc3 $17 {is a better defense.}) 11... Nxe4 12. a3 Nd5 13. Qc2 Nef6 14. Bc4 Rxe1+ 15. Nxe1 c6 16. Bg5 Bf5 17. Qb3 Qb6 18. Qa2 $2 {[#]} (18. Nd2) 18... Qxd4 19. Nf3 Qc5 ({Much less strong is} 19... Qd1+ 20. Kh2 $19) 20. Nbd2 Ne4 21. Rf1 $2 (21. Nxe4 Bxe4 22. Re1 Bxf3 23. gxf3) 21... Nec3 $19 22. Qb3 b5 23. Bxd5 Qxd5 24. Be7 Qxb3 25. Nxb3 d5 26. Nbd4 Bd7 27. Rc1 Re8 28. Bb4 Ne2+ 29. Nxe2 Rxe2 30. Kf1 Re4 31. Nd2 Re8 32. Nb3 d4 33. Nc5 Be6 34. Ne4 $2 {[#]} (34. Nxe6 Rxe6 35. Rd1) 34... Bc4+ 35. Kg1 Rxe4 {Precision: White = 24%, Black = 78%.} 0-1

[Event "RUS-chT Blitz Men 2018"]
[Site "Sochi"]
[Date "2018.10.10"]
[Round "8"]
[White "Chos, Alexey"]
[Black "Oparin, Grigoriy"]
[Result "0-1"]
[WhiteElo "2296"]
[BlackElo "2624"]
[Annotator "TA"]
[PlyCount "68"]
[EventDate "2018.10.10"]
[EventType "swiss"]
[EventCountry "RUS"]
[SourceTitle "playchess.com"]
[Source "ChessBase"]
[SourceQuality "1"]

{[%evp 10,68,4,3,18,-12,-3,-17,-15,-46,-36,-31,-32,-34,-33,-31,-27,-35,-12,-38,-14,-27,12,6,9,0,0,0,0,-23,-25,-23,20,15,12,0,0,0,7,-52,-58,-52,-50,-57,-66,-223,-206,-197,-159,-222,-220,-329,-326,-345,-338,-914,-843,-869,-837,-29998,-29999]} 1. d4 Nf6 2. c4 e6 3. Nf3 b6 4. e3 Bb7 5. a3 d5 6. Nc3 Bd6 {E12: Queen's Indian: Unusual White 4th moves, 4 a3, 4 Nc3 Bb7 5 a3 and 4 Nc3 Bb7} (6... Be7 7. Qa4+ c6 8. cxd5 exd5 9. Qc2 O-O 10. Bd3 c5 11. O-O c4 12. Be2 Nc6 13. Bd2 a6 14. Rad1 {½-½ (41) Manolache,M (2561)-Sargissian,G (2674) Plovdiv 2012}) 7. Bd3 O-O 8. Qe2 $146 ({Predecessor:} 8. h4 dxc4 9. Bxc4 Nbd7 10. Qc2 e5 11. d5 c6 12. dxc6 Bxc6 13. e4 Qc7 14. Qe2 {0-1 (24) Kavinda,A (2029)-Durarbayli,V (2413) Mersin 2008}) 8... Nbd7 {The position is equal.} 9. e4 {[#] aiming for e5.} dxe4 10. Nxe4 Nxe4 11. Bxe4 Bxe4 12. Qxe4 c5 13. Be3 cxd4 14. Nxd4 Nc5 15. Qc2 $1 e5 16. Nf5 {Hoping for Rd1.} e4 17. Bxc5 Bxc5 18. O-O g6 $36 {[%mdl 2048] Black is more active.} 19. Rad1 Qg5 20. Ng3 f5 21. b4 Be7 22. Rd7 Rfd8 23. Rfd1 e3 24. fxe3 (24. Ne2 $11) 24... Qxe3+ $15 25. Qf2 Qe6 ({Much weaker is} 25... Qxa3 $6 26. Qe1 $16) 26. Qe2 Kf7 27. R1d6 $2 (27. Rxd8 $15 Rxd8 28. Rxd8 Bxd8 29. Qd3) 27... Qxd6 $19 28. Rxd6 Rxd6 29. c5 {[#]} (29. Nf1 $17) 29... bxc5 $1 30. bxc5 (30. Qc4+ {was necessary.} Kf8 31. bxc5) 30... Re6 31. Qc4 {With the idea Ne2.} Rc8 32. Ne2 $2 (32. Qb3) 32... Rxc5 33. Qa2 Rce5 34. Nf4 Bc5+ {Precision: White = 19%, Black = 77%.} 0-1

[Event "RUS-chT Blitz Men 2018"]
[Site "Sochi"]
[Date "2018.10.10"]
[Round "8"]
[White "Alexeev, Alexey"]
[Black "Borisova, Ekaterina"]
[Result "1-0"]
[WhiteElo "2287"]
[BlackElo "2256"]
[Annotator "TA"]
[PlyCount "79"]
[EventDate "2018.10.10"]
[EventType "swiss"]
[EventCountry "RUS"]
[SourceTitle "playchess.com"]
[Source "ChessBase"]
[SourceQuality "1"]

{[%evp 21,79,11,28,25,13,18,29,36,36,29,37,24,33,20,20,22,22,0,26,10,15,11,84,69,114,53,60,65,45,40,94,48,76,40,88,72,72,43,133,43,64,81,126,112,197,104,135,0,1232,1155,1008,943,4686,1103,1093,2735,2923,2371,5216,5202]} 1. e4 c5 2. Nf3 d6 3. Bb5+ Bd7 4. Bxd7+ Qxd7 5. c4 Nc6 6. d4 cxd4 7. Nxd4 g6 8. b3 Bg7 9. Bb2 Nf6 10. Nc3 O-O 11. O-O Rfc8 12. Rc1 {B52: Sicilian: Moscow Variation with 3...Bd7} (12. Re1 Rab8 13. Nxc6 bxc6 14. e5 dxe5 15. Rxe5 Qxd1+ 16. Nxd1 Rb7 17. Ra5 Rd8 18. Ne3 Rd2 19. Be5 Rbd7 {1-0 (44) Kantans,T (2496)-Nasuta,G (2399) Stockholm 2016}) 12... a6 13. Nxc6 $146 ({Predecessor:} 13. Nd5 Nxd5 14. exd5 Nxd4 {½-½ (14) Jocev,M (2235)-Dimic,P (2347) Belgrade 2017}) 13... Qxc6 14. Nd5 {White has an edge.} Nxd5 15. exd5 Qd7 16. Bxg7 Kxg7 17. Qd4+ Kg8 18. Rfe1 b5 19. Rc3 bxc4 20. bxc4 Rab8 21. h4 a5 {[#]} (21... Rb7 $11) 22. h5 $1 $36 {[%mdl 2560] White has some pressure.} Qf5 (22... gxh5 23. Rg3+) 23. h6 ({White should try} 23. hxg6 $16 hxg6 24. Rxe7) 23... Qf6 $14 24. Qxf6 exf6 {[%mdl 4096] Endgame KRR-KRR} 25. Re7 Rb4 (25... a4 $14) 26. Ra7 (26. a3 {looks sharper.} Rb1+ 27. Kh2 Kf8 28. Rd7 Rb6 29. Ra7) 26... Kf8 $1 27. Rxa5 (27. c5 {seems wilder.} dxc5 28. d6 c4 29. Rxa5 Rd8 30. Ra6) 27... f5 28. c5 dxc5 29. Raxc5 Rd8 ({Black should play} 29... Rxc5 $14 30. Rxc5 Ke7) 30. Rd3 (30. Rc7 $16) 30... Rb1+ 31. Kh2 Rb2 32. a4 Rxf2 (32... Ke7 $16 {was worth a try.}) 33. d6 $18 Rb2 34. d7 (34. a5 $16) 34... Ke7 $2 {[%mdl 8192] [#]} (34... Rb7 $11) 35. Re5+ {White is clearly winning.} Kf6 36. Re8 Rbb8 37. Rd6+ Kg5 38. Rxd8 Rxd8 39. a5 {[%cal Ba4a5,Ba5a6][%mdl 32]} Kxh6 40. a6 {Precision: White = 72%, Black = 25%.} 1-0

[Event "RUS-chT Blitz Men 2018"]
[Site "Sochi"]
[Date "2018.10.10"]
[Round "8"]
[White "Uzhva, Andrey"]
[Black "Dudin, Gleb"]
[Result "0-1"]
[WhiteElo "2270"]
[BlackElo "2178"]
[Annotator "TA"]
[PlyCount "129"]
[EventDate "2018.10.10"]
[EventType "swiss"]
[EventCountry "RUS"]
[SourceTitle "playchess.com"]
[Source "ChessBase"]
[SourceQuality "1"]

{[%evp 19,129,24,23,16,78,46,50,38,56,25,87,56,82,19,72,72,62,27,303,295,277,234,566,410,417,-197,-205,-197,-202,-202,-199,-277,-198,-277,-280,-308,-238,-245,-254,-245,-225,-294,-283,-286,-267,-274,-263,-266,-258,-275,-272,-301,-305,-302,-244,-326,-312,-388,-381,-376,-382,-415,-406,-478,-479,-472,-463,-455,-443,-461,-445,-29968,-29969,-29968,-29971,-29971,-29971,-29971,-29971,-29980,-29972,-29975,-29974,-29973,-29974,-29978,-29979,-29979,-29980,-29979,-29980,-29980,-29981,-29981,-29981,-29982,-29979,-29978,-29979,-29979,-29979,-29987,-29988,-29989,-29990,-29990,-29991,-29991,-29992,-29992,-29993,-29993]} 1. Nf3 Nf6 2. g3 d6 3. Bg2 Nbd7 4. O-O e5 5. c4 Be7 6. Nc3 O-O 7. d4 c6 8. e4 Qc7 9. h3 a6 10. Be3 b5 11. cxb5 {A55: Old Indian Defence with Nf3 and e4} cxb5 (11... axb5 $11 {remains equal.} 12. a3 Ba6) 12. Rc1 Qb8 13. dxe5 {White is slightly better.} dxe5 $146 ({Predecessor:} 13... Nxe5 14. Nd4 Bb7 15. Nf5 Re8 16. Bg5 Ned7 17. Qd4 Bf8 18. a3 Re6 19. Bxf6 Nxf6 {0-1 (48) Akbarinia,S (2273)-Filippov,A (2472) Teheran 2004}) 14. Nd5 Bd8 (14... Nxd5 $11 15. exd5 (15. Qxd5 Rd8 $14) 15... Bb7) 15. Nxf6+ (15. Qb3 {seems wilder.} Nxe4 16. Rfd1 a5 17. Qc2 Nd6 18. a4) 15... Bxf6 16. Qe2 (16. Rc6 $16) 16... Nb6 (16... Rd8 $11 {keeps the balance.}) 17. Rfd1 $16 Be6 18. Bc5 Re8 $2 {[%mdl 8192] [#]} (18... Rd8 $1 $11 {and Black has nothing to worry.}) 19. Bd6 $1 $18 {[%cal Rd6b8]} Qb7 20. Rc7 ({Less strong is} 20. Bxe5 Bc4 $14) (20. Nxe5 Rac8 $16) 20... Bc4 $2 (20... Qb8 {is a better chance.}) 21. Qe3 ({Stronger than} 21. Rxb7 Bxe2 22. Rd2 Nc4 $11) ({Weaker is} 21. Qxc4 Nxc4 22. Rxb7 Red8 $14) 21... Qb8 {Now ...Nc8 and Black clings on.} 22. Rxc4 $4 {[%mdl 8192]} (22. Rc6 $18 {avoids the disaster.} Qa7 23. Qxb6) 22... Nxc4 $19 23. Bxb8 Nxe3 24. fxe3 Raxb8 25. g4 (25. Bf1 {keeps fighting.}) 25... h6 26. h4 (26. Bf1 $142) 26... Red8 27. Rf1 g6 28. g5 hxg5 29. hxg5 Bg7 30. Kf2 Rbc8 {...Rc2+ is the strong threat.} 31. Re1 Rc2+ 32. Re2 Rxe2+ 33. Kxe2 {[%mdl 4096] Endgame KRB-KBN} Kf8 34. Bh3 Ke7 35. Nd2 Rh8 36. Bg4 Rh4 37. Bf3 Rh2+ 38. Kd3 Kd6 39. b3 Bf8 40. a4 Be7 41. axb5 axb5 42. Be2 Rg2 43. Nf3 Bxg5 44. Bf1 Rg3 45. Nxg5 {[#]} (45. Ke2 $19) 45... Rxg5 {KR-KB. Black mates.} 46. Kc3 Kc5 47. b4+ Kc6 48. Kd2 Rg1 49. Ke1 Rh1 50. Kf2 Rh2+ 51. Bg2 Rh8 52. Kg3 Ra8 53. Kg4 f6 54. Bh3 Ra4 55. Kf3 Rxb4 56. Be6 Rb1 57. Bf7 Rg1 58. Kf2 Rg5 59. Ke2 Kc5 60. Kd3 Rg2 61. Be8 g5 {[%cal Bg6g5,Bg5g4,Bg4g3][%mdl 32]} 62. Bd7 g4 63. Bf5 g3 64. Bh3 Rh2 65. Bf1 {Precision: White = 25%, Black = 58%.} 0-1

[Event "RUS-chT Blitz Men 2018"]
[Site "Sochi"]
[Date "2018.10.10"]
[Round "8"]
[White "Diakonova, Ekaterina"]
[Black "Linker, Mikhail"]
[Result "1/2-1/2"]
[WhiteElo "2236"]
[BlackElo "2269"]
[Annotator "TA"]
[PlyCount "72"]
[EventDate "2018.10.10"]
[EventType "swiss"]
[EventCountry "RUS"]
[SourceTitle "playchess.com"]
[Source "ChessBase"]
[SourceQuality "1"]

{[%evp 22,72,35,30,36,47,73,45,41,41,37,47,49,43,43,44,43,16,72,72,72,72,69,75,56,67,68,3,3,3,3,4,5,5,6,6,23,23,23,23,54,36,94,68,109,6,6,0,6,0,0,0,0]} 1. e4 c5 2. Nf3 d6 3. Bb5+ Bd7 4. c4 g6 5. d4 Bg7 6. Nc3 cxd4 7. Bxd7+ Qxd7 8. Nxd4 Nc6 9. Be3 Nf6 10. f3 O-O 11. O-O Rac8 12. b3 Nxd4 {B52: Sicilian: Moscow Variation with 3...Bd7} (12... Qd8 13. Kh1 Qa5 14. Nde2 a6 15. a3 Nd7 16. Bd2 Qd8 17. Ra2 Nd4 18. Nxd4 Bxd4 19. Nd5 Bg7 20. Bg5 {½-½ (44) Bruzon Batista,L (2711)-Jones,G (2653) Istanbul 2012}) 13. Bxd4 b6 14. a4 $146 ({Predecessor:} 14. Qd2 Qb7 15. Qb2 Ne8 16. Bxg7 Nxg7 17. Nd5 Ne8 18. Rad1 e6 19. Nf6+ Nxf6 20. Qxf6 {1-0 (58) Kouskoutis,G (2136)-Tsomis,D (1987) Nikaia 2016}) 14... Qb7 {White is slightly better.} 15. Nd5 Nxd5 16. exd5 a6 17. Bxg7 Kxg7 18. Qd4+ Kg8 19. Rf2 b5 (19... Rc5 $11 {remains equal.}) 20. axb5 $16 axb5 21. Ra7 Qb8 22. Rxe7 bxc4 23. bxc4 Qb4 24. Rb2 (24. Re4 $14) 24... Qa4 25. Ra7 Qxc4 26. Qxc4 Rxc4 $11 {[%mdl 4096] Endgame KRR-KRR} 27. Rd7 Rd4 28. Rxd6 Ra8 29. Rd7 Ra1+ 30. Kf2 Rad1 31. Rbb7 Rf4 (31... R1d2+ $14 32. Kg3 Rxd5 33. Rxf7 Rg5+ 34. Kf4 Rdxg2) 32. Ke3 Rf5 {[#]} 33. d6 (33. g4 $1 $16 {[%cal Rg4f5]} Rf6 34. Rb8+ Kg7 35. Rb3) 33... Rf6 {The position is equal.} 34. Rd8+ Kg7 35. Rdd7 Rdxd6 36. Rxd6 Rxd6 {Precision: White = 42%, Black = 54%.} 1/2-1/2